Demokratizácia a ekonomická transformácia v Srbsku v kontexte európskej integrácie dizertačná práca

Na minha lista:
Detalhes bibliográficos
Autor principal: Holzerová, Petra
Autor Corporativo: Fakulta medzinárodných vzťahov EU. Katedra medzinárodných ekonomických vzťahov a hospodárskej diplomacie
Outros Autores: Lipková, Ľudmila
Formato: Livro
Idioma:eslovaco
Publicado em: Bratislava 2012
Assuntos:
Tags: Adicionar Tag
Sem tags, seja o primeiro a adicionar uma tag!

MARC

LEADER 00000nbm a2200000 4500
001 0159764
005 20240502072753.0
041 0 |a slo 
044 |a SK 
245 1 0 |a Demokratizácia a ekonomická transformácia v Srbsku v kontexte európskej integrácie  |b dizertačná práca  |c Petra Holzerová ; školiteľ: Ľudmila Lipková 
264 1 |a Bratislava  |c 2012 
300 |a 190 s. 
610 2 0 |a transformácia 
610 2 0 |a demokratizácia 
610 2 0 |a politika hospodárska 
610 2 0 |a politika vnútorná 
610 2 0 |a politika zahraničná 
610 2 0 |a Srbsko 
610 2 0 |a integrácia ekonomická 
100 1 |a Holzerová, Petra 
700 1 |a Lipková, Ľudmila 
710 2 |a Fakulta medzinárodných vzťahov EU. Katedra medzinárodných ekonomických vzťahov a hospodárskej diplomacie